| 000 | 00000nas 2200000za 4500 |
| 001 | 9.852665 |
| 003 | CaOODSP |
| 005 | 20221107154634 |
| 007 | cr ||||||||||| |
| 008 | 180301d19701980oncar p oss f0###b0fre|d |
| 022 | |y0700-0731 |
| 040 | |aCaOODSP|bfre |
| 041 | |aeng|afre |
| 043 | |an-cn--- |
| 086 | 1 |aCS34-219-PDF |
| 245 | 00|aFelt and fibre processing mills |h[ressource électronique] = |bIndustrie du feutre et du traitement des fibres. |
| 246 | 11|aIndustrie du feutre et du traitement des fibres |
| 260 | |aOttawa : |bStatistics Canada, Manufacturing and Primary Industries Division = Statistique Canada, Division des industries manufacturières et primaires, |c1972-1982. |
| 310 | |aAnnuel |
| 362 | 0 |a1970-1980. |
| 490 | 0 |aAnnual census of manufactures = Recensement annuel des manufactures |
| 500 | |aÉdition numérisée de l’imprimé [par Statistique Canada]. |
| 546 | |aTexte en anglais et en français. |
| 550 | |aPubl. 1979-1980 par la Section des aliments, des boissons, des textiles et des industries diverses. |
| 580 | |aFusionné avec: Canvas products and cotton and jute bags industries; Miscellaneous textile industries (Final); et, Cordage and twine industry (Final), et devient: Textile products industries. |
| 692 | 07|2gccst|aIndustrie textile |
| 710 | 2 |aCanada. |bStatistique Canada. |bSection des aliments, des boissons, des textiles et des industries diverses. |
| 710 | 1 |aCanada. |bStatistique Canada. |bDivision des industries manufacturières et primaires. |
| 780 | 00|tFibre preparing mills |w(CaOODSP)9.852648 |
| 785 | 00|tTextile products industries |w(CaOODSP)9.852995 |
| 791 | |tFelt and fibre processing mills |eeng|w(CaOODSP)9.852659 |